Govt. of
Madhya Pradesh

Herstory (Record no. 68974)

MARC details
000 -LEADER
fixed length control field 00263nam a22001217a 4500
020 ## - INTERNATIONAL STANDARD BOOK NUMBER
ISBN 978-93-5548-312-6
082 ## - DEWEY DECIMAL CLASSIFICATION NUMBER
Classification number 821/BAN
100 ## - MAIN ENTRY--AUTHOR NAME
Personal name Bansal,Neha
245 ## - TITLE STATEMENT
Title Herstory
260 ## - PUBLICATION, DISTRIBUTION, ETC. (IMPRINT)
Place of publication New delhi
Name of publisher Sahitya akademi
Year of publication 2024
650 ## - SUBJECT ADDED ENTRY--TOPICAL TERM
Topical Term Poems
942 ## - ADDED ENTRY ELEMENTS (KOHA)
Koha item type Books
Holdings
Withdrawn status Lost status Damaged status Not for loan Home library Current library Date acquired Cost, normal purchase price Full call number Accession Number Price effective from Koha item type
        MACL MACL 08/04/2026 100.00 821/BAN CRE040434 08/04/2026 Books